[Event "Llinars del Valles op-B 13th"]
[Site "Llinars del Valles"]
[Date "2019.06.08"]
[Round "7"]
[White "Bons Fuses, Marc"]
[Black "Sanchez Saez, Salvador"]
[Result "1-0"]
[WhiteElo "1638"]
[BlackElo "1485"]
[PlyCount "67"]
[EventDate "2019.03.30"]
[EventType "swiss"]
[EventRounds "8"]
[EventCountry "ESP"]
[SourceTitle "EXT 2021"]
[Source "ChessBase"]
[SourceDate "2020.10.23"]
[SourceVersion "1"]
[SourceVersionDate "2020.10.23"]
[SourceQuality "1"]

1. e4 e5 2. Nf3 Nc6 3. Bc4 Bc5 4. c3 d6 5. d4 exd4 6. cxd4 Bb4+ 7. Bd2 Bxd2+ 8. Qxd2 b6 9. Nc3 Na5 10. Bd3 c6 11. 0-0 Nh6 12. b4 Nb7 13. e5 0-0 14. Ng5 dxe5 15. dxe5 Bf5 16. Nge4 Qd4 17. Rfe1 Qxb4 18. Qf4 Nc5 19. Nf6+ gxf6 20. Qxb4 Nxd3 21. Qh4 Nxe1 22. Qxh6 fxe5 23. Rxe1 f6 24. Ne4 Bg6 25. g4 Rad8 26. g5 fxg5 27. Qxg5 Rd4 28. Nf6+ Kg7 29. Qxe5 Rfd8 30. Ne8+ Kh6 31. Qe3+ Kh5 32. Nf6+ Kh4 33. Qh6+ Bh5 34. Qxh5# 1-0

[Event "Llinars del Valles op-B 13th"]
[Site "Llinars del Valles"]
[Date "2019.05.18"]
[Round "5"]
[White "Vicedo Navau, Carles"]
[Black "Bons Fuses, Marc"]
[Result "1-0"]
[WhiteElo "1540"]
[BlackElo "1638"]
[PlyCount "63"]
[EventDate "2019.03.30"]
[EventType "swiss"]
[EventRounds "8"]
[EventCountry "ESP"]
[SourceTitle "EXT 2020"]
[Source "ChessBase"]
[SourceDate "2019.10.17"]
[SourceVersion "1"]
[SourceVersionDate "2019.10.17"]
[SourceQuality "1"]

1. e4 c5 2. Nc3 d6 3. Bb5+ Nc6 4. Bxc6+ bxc6 5. f4 g6 6. Nf3 Bg7 7. d3 e6 8. 0-0 Ne7 9. Qe1 d5 10. Bd2 0-0 11. Qh4 Ba6 12. Rfd1 Rb8 13. b3 Nc8 14. Qxd8 Rxd8 15. e5 Ne7 16. Na4 c4 17. Nc5 Bc8 18. Ba5 Rf8 19. dxc4 dxc4 20. Bc7 Rb5 21. Bd6 Re8 22. Bxe7 Rxe7 23. Rd8+ Bf8 24. Ne4 Rc7 25. Nd6 Rb8 26. Nxc4 Rd7 27. Rxd7 Bxd7 28. Rd1 Rd8 29. Nd6 c5 30. Nb7 Bc6 31. Nxd8 Bd5 32. c4 1-0